Acteurs Britanniques - Statistiques

Statistiques générales
  • Ce quiz a été pris 174 fois
  • Le résultat moyen est 7 sur 15
Statistiques - réponses
Par images Réponse % Correct
Sean Connery
82%
Anthony Hopkins
81%
Alan Rickman
65%
Roger Moore
63%
Gary Oldman
52%
Michael Caine
51%
Christopher Lee
48%
Ian McKellen
46%
Daniel Day Lewis
39%
Cary Grant
34%
Peter O'toole
31%
David Niven
24%
Ian Holm
19%
Alec Guinness
18%
Malcolm McDowell
15%
Aucun quiz correspondant
Distribution des résultats
% des personnes avec chaque résultat
Percentile par nombre de réponses
Votre historique - résultats
Vous n’avez pas pris ce quiz